000
002430000a22000970004500
100
1
_a
Green, Lyn
245
1
0
_a
Let your quiet time be your quality time
300
_a
Núm 67 (1994), Páginas 16-17
773
0
_t
World Evangelization
942
_c
ANA
999
_c
57589
_d
57589